000
00290nmm a2200097Ia 4500
008
220120s9999||||xx |||||||||||||||||und||
020
_a
978-0-07-060092-8
100
_a
PCQ
245
0
_a
5 free sdks for mobile application development , 30 essentia
260
_a
Cyber media Pvt. Ltd.
_b
New Delhi
999
_c
139926
_d
139926